000 04913nam a2200253Ia 4500
003 OSt
005 20230411200103.0
008 181105s2011 xx 000 0 und
020 _a9788190467759
040 _cAbstract: Corinne Kumar brought together some of the world’s best known writers and thinkers, sharing their ideas of a new world order in a series of books that takes its title from the Zapatista slogan „Asking, we walk“- The South As New Political Imaginary, the massive tomes (Streelekha Publications, 124 essays, 2289 pages). The essays, and so will be the talk, are arranged around the theme of this new understanding of the south where the alternatives of epistemic disobedience come from. The supposed gifts of modernity like democracy, development and progress are critiqued and challenged as they look at the darker side of the Euro-centric Western civilization that has colonized the world. In her talk, Corinne Kumar will challenge the master houses and dominant discourses with their ‘truth-production’ and tries to offer a new political imaginary – from the perspective of the south. „Asking, We walk“ constitutes the core idea of this perspective and challenges the master narrative of the world, including the houses of reason, the houses of science, and the houses of patriarchy, of power, of politics and of privilege. Corinne Kumar is Secretary General of El Taller International, an international NGO committed to international women’s human rights, sustainable development, and both North-South and South-South exchange and dialogue across diverse cultures and civilizations. She was formerly Director of the Centre for Development Studies (CIEDS Collective) in India. She is a founding member of the Asian Women’s Human Rights Council (AWHRC) and of Vimochana, an NGO in Bangalore, India working on issues such as domestic violence, dowry-related deaths, and workplace sexual harassment. A philosopher, poet, human rights theoretician and activist, she is editor of two human rights journals, Sangarsh and The Quilt, and has written and spoken extensively on refugees, violence against women, militarization, and the dominant human rights discourse, critiquing it from a gender and Global South perspective
082 _a346.42091724 KUM-II-2
100 _aCorrine Kumar
245 _aAsking, we walk: The South as new political imaginary -
_bBook Two - In the time of the river, in the time of the wind /
_cEdited by Corinne Kumar
250 _a2nd
260 _aBangalore
_bStreelkeha Publications
_c2011
300 _a423P
_bxv
_cHB
365 _bRs. 600.00
500 _aHuman Rights
500 _aPolitics & Government - Social Conditions
500 _aSocial Movements - Developing Countries
505 _aAbstract: Corinne Kumar brought together some of the world’s best known writers and thinkers, sharing their ideas of a new world order in a series of books that takes its title from the Zapatista slogan „Asking, we walk“- The South As New Political Imaginary, the massive tomes (Streelekha Publications, 124 essays, 2289 pages). The essays, and so will be the talk, are arranged around the theme of this new understanding of the south where the alternatives of epistemic disobedience come from. The supposed gifts of modernity like democracy, development and progress are critiqued and challenged as they look at the darker side of the Euro-centric Western civilization that has colonized the world. In her talk, Corinne Kumar will challenge the master houses and dominant discourses with their ‘truth-production’ and tries to offer a new political imaginary – from the perspective of the south. „Asking, We walk“ constitutes the core idea of this perspective and challenges the master narrative of the world, including the houses of reason, the houses of science, and the houses of patriarchy, of power, of politics and of privilege. Corinne Kumar is Secretary General of El Taller International, an international NGO committed to international women’s human rights, sustainable development, and both North-South and South-South exchange and dialogue across diverse cultures and civilizations. She was formerly Director of the Centre for Development Studies (CIEDS Collective) in India. She is a founding member of the Asian Women’s Human Rights Council (AWHRC) and of Vimochana, an NGO in Bangalore, India working on issues such as domestic violence, dowry-related deaths, and workplace sexual harassment. A philosopher, poet, human rights theoretician and activist, she is editor of two human rights journals, Sangarsh and The Quilt, and has written and spoken extensively on refugees, violence against women, militarization, and the dominant human rights discourse, critiquing it from a gender and Global South perspective
520 _aDonated By Vice Chancellors Office, NLSIU
942 _2ddc
_cGRATIS
999 _c111886
_d111886